Score 0/30 Timer 05:00
1 Play Today
Question Answer Wrong Answers
The Wonderful Wizard of Oz: Toto Dog
92.6%
Lion
1.6%
Monkey
0.9%
Horse
0.4%
The Harry Potter series: Hedwig Owl
92.4%
Falcon
1.8%
Eagle
1.3%
Hawk
2%
Winnie-the-Pooh: Kanga Kangaroo
91.2%
Wombat
0.7%
Koala
0.8%
Opossum
0.9%
Life of Pi: Richard Parker Tiger
89.6%
Lion
5.6%
Cheetah
1.5%
Leopard
1.5%
Curious George series: George Monkey
89.3%
Cat
2.1%
Dog
1.9%
Sloth
0.8%
The Chronicles of Narnia series: Aslan Lion
89.2%
Bear
2%
Stallion
1.5%
Gorilla
0.7%
Black Beauty: Black Beauty Horse
88.9%
Dog
0.6%
Cat
0.6%
Ape
0.9%
Charlotte's Web: Charlotte Spider
88.3%
Rat
0.3%
Pig
7.1%
Goose
0.4%
Horton Hears a Who!: Horton Elephant
85.6%
Fish
1.9%
Cat
2.2%
Monkey
1.8%
The Giraffe and the Pelly and Me: Pelly Pelican
73.5%
Giraffe
6.3%
Penguin
9%
Beagle
2.6%
Watership Down: Hazel Rabbit
70.6%
Turtle
8.7%
Mouse
4.8%
Hawk
7.8%
The Jungle Book: Kaa Python
67.6%
Lion
1.9%
Tiger
6.5%
Cobra
20.5%
The Story of Ferdinand: Ferdinand Bull
63.8%
Sheep
9.7%
Goat
10%
Llama
8.8%
The Hunger Games series: Buttercup Cat
56.4%
Hawk
20.8%
Dog
10.4%
Rat
3.5%
Flowers for Algernon: Algernon Mouse
55%
Rat
20.5%
Hamster
12.1%
Gerbil
9.4%
The Lord of the Rings: Gwaihir Eagle
52.5%
Swift
4.6%
Cardinal
2.6%
Falcon
30.7%
A Fish Out of Water: Otto Goldfish
52.1%
Angelfish
13.2%
Catfish
14%
Oscar
10.1%
Doctor Dolittle series: Dab-Dab Duck
50.9%
Raccoon
20%
Beaver
11.1%
Chicken
9.3%
Tarzan: Kerchak Gorilla
49.6%
Chimpanzee
23.8%
Mandrill
9.4%
Monkey
6.2%
The House on East 88th Street: Lyle Crocodile
49.2%
Alligator
13.8%
Lizard
23.6%
Frog
10.1%
Animal Farm: Napoleon Boar
46.1%
Horse
31.2%
Donkey
9.3%
Goat
7.3%
The Incredible Journey: Tao Cat
41.7%
Dog
20.8%
Eagle
12%
Bear
18.5%
And Tango Makes Three: Roy Penguin
40.7%
Seal
28.2%
Whale
14.1%
Krill
6.9%
The Tale of Despereaux: Chiaroscuro (Roscuro) Rat
38.7%
Mouse
35.4%
Cat
7.7%
Pigeon
9.6%
The Tale of Timmy Tiptoes: Timmy Squirrel
37.1%
Mouse
28.5%
Rat
10.6%
Hare
15.5%
The Neverending Story: Morla Turtle
36%
Dog
26%
Cat
9.7%
Eagle
17.1%
Redwall series: Asmodeus Poisonteeth Adder
32.4%
Cobra
21%
Rattlesnake
28.1%
Sea snake
8%
Hank the Cowdog series: Rip Coyote
31.7%
Dog
27.3%
Wolf
16.5%
Fox
12.7%
The Kine Saga: Bufo Toad
31.3%
Salamander
18.6%
Newt
16.4%
Frog
22.3%
The Story of Babar: Lord Rataxes Rhinoceros
30.4%
Elephant
40.8%
Hippopotamus
12.3%
Mammoth
5.6%
Remove Ads.
Support Sporcle.
Get the best of Sporcle when you Go Orange. This ad-free experience offers more features, more stats, and more fun while also helping to support Sporcle. Thank you for becoming a member.

You're not logged in!

Compare scores with friends on all Sporcle quizzes.
OR
Log In

Show Comments

Extras

Top Quizzes Today


Score Distribution

Your Account Isn't Verified!

In order to create a playlist on Sporcle, you need to verify the email address you used during registration. Go to your Sporcle Settings to finish the process.

Report this User

Report this user for behavior that violates our Community Guidelines.

Details: